000 00392nam a2200145Ia 4500
008 210210b1984 xxu||||| |||| 00| 0 eng d
082 _a050.954 INDI
100 _aINDIA.
245 _aIndia 1984 a reference annual.
260 _aNew Delhi.
_bMinistry of Information & Broadcasting Govt Of India.,
_c1984
300 _aii,659,40
650 _aIndia
690 _aSerials
906 _a037701
999 _c88085
_d88085